Gerencia del servicio la dirección de empresas es una economía donde las realciones son más importantes que los productos / Karl Albrecht, Ron Zemmke; traducción de : Jesús Villamizar Herrera. (Registro nro. 2186)

000 -CABECERA
campo de control de longitud fija 01045nam a2200289 a 4500
001 - NÚMERO DE CONTROL
campo de control 000036758
005 - FECHA Y HORA DE LA ÚLTIMA TRANSACCIÓN
campo de control 20200120222259.0
008 - DATOS DE LONGITUD FIJA--INFORMACIÓN GENERAL
campo de control de longitud fija 090925s1988 colp gr0 0 000 d
020 ## - NÚMERO INTERNACIONAL ESTÁNDAR DEL LIBRO
Número Internacional Estándar del Libro 958-9042-34-1
082 04 - NÚMERO DE LA CLASIFICACIÓN DECIMAL DEWEY
Número de clasificación 658.8
Número de documento/Ítem A51g
100 0# - ENTRADA PRINCIPAL--NOMBRE DE PERSONA
Nombre de persona Albrecht, Karl
245 10 - MENCIÓN DE TÍTULO
Título Gerencia del servicio la dirección de empresas es una economía donde las realciones son más importantes que los productos / Karl Albrecht, Ron Zemmke; traducción de : Jesús Villamizar Herrera.
260 ## - PUBLICACIÓN, DISTRIBUCIÓN, ETC.
Lugar de publicación, distribución, etc. Bogotá :
Nombre del editor, distribuidor, etc. Legis,
Fecha de publicación, distribución, etc. 1988.
300 ## - DESCRIPCIÓN FÍSICA
Extensión 202 p. : il.
490 #0 - MENCIÓN DE SERIE
Mención de serie Serie empresarial
500 ## - NOTA GENERAL
Nota general " Incluye referencias bibliográficas"
500 ## - NOTA GENERAL
Nota general Ej.1 de Mosquera donado por la Biblioteca Nacional - PNLB 2012.
517 ## - CATEGORÍAS DE NOTA DE PELÍCULA (ARCHIVO) (VM) [OBSOLETO]
Formatos diferentes Service America, Doing Business
650 14 - PUNTO DE ACCESO ADICIONAL DE MATERIA--TÉRMINO DE MATERIA
Término de materia o nombre geográfico como elemento de entrada SERVICIO AL CLIENTE
650 14 - PUNTO DE ACCESO ADICIONAL DE MATERIA--TÉRMINO DE MATERIA
Término de materia o nombre geográfico como elemento de entrada ADMINISTRACION DE EMPRESAS
650 14 - PUNTO DE ACCESO ADICIONAL DE MATERIA--TÉRMINO DE MATERIA
Término de materia o nombre geográfico como elemento de entrada MERCADEO DE SERVICIOS
650 14 - PUNTO DE ACCESO ADICIONAL DE MATERIA--TÉRMINO DE MATERIA
Término de materia o nombre geográfico como elemento de entrada CALIDAD DE SERVICIO
650 14 - PUNTO DE ACCESO ADICIONAL DE MATERIA--TÉRMINO DE MATERIA
Término de materia o nombre geográfico como elemento de entrada CALIDAD DE LOS PRODUCTOS
700 1# - PUNTO DE ACCESO ADICIONAL--NOMBRE DE PERSONA
Nombre de persona Zemke, Ron
700 1# - PUNTO DE ACCESO ADICIONAL--NOMBRE DE PERSONA
Nombre de persona Villamizar Herrera, Jesús, tr.
901 ## - ELEMENTOS DE DATOS A LOCAL LDA (RLIN)
a Compra, 1995
Existencias
Estado de retiro Estado de pérdida Fuente del sistema de clasificación o colocación Estado dañado No para préstamo Código de colección Localización permanente Ubicación/localización actual Fecha de adquisición Número de inventario Total de préstamos Signatura topográfica completa Código de barras Fecha visto por última vez Número de copia Precio válido a partir de Tipo de ítem Koha Nota pública
          Colección General Biblioteca Pública San Juan Bosco Biblioteca Pública San Juan Bosco 20/01/2020 107943   658.8 A51g MOS000794 20/01/2020 ej.1 20/01/2020 Libro Ocho días

© Todos los derechos reservados para la Biblioteca Pública Municipal San Juan Bosco, 2020
Secretaria de Cultura de Mosquera
Carrera 3 N° 10 Esquina Centro Cultural Barrio El Carmén Teléfono: 8270830 Ext: 34
Funcionando con KOHA
Contacto: Biblioteca Pública Municipal San Juan Bosco/ bibliotecasanjuanbosco@mosquera-cundinamarca.gov.co
Mosquera, Cundinamarca